000 00714cam a2200253 a 4500
999 _c2540
_d2540
001 016082033
003 UkOxU
005 20230713080040.0
008 030716s2002 enk j 000 1 eng
015 _abA2V9146
020 _a9780749646851 (pbk)
035 _a(UkLCURL)b00003488024
040 _aBDS
_cBDS
_dUk
_dKH8
049 _lb
082 1 4 _a823.914 MAN
_221
100 1 _aManning, Mick.
_eAuthor
245 1 0 _aIt's sunny! /
_cMick Manning and Brita Granström.
260 _aLondon :
_bWatts,
_c2002.
300 _a24 p. :
_bchiefly col. ill ;
_c21 cm.
650 0 _aWeather
_vPictorial works
_vJuvenile fiction.
700 1 _aGranström, Brita.
_eAuthor
830 0 _aMe and my world
942 _2ddc
_cBK